000 00742nam a2200229Ii 4500
003 JO-AjNU
008 230605s9999||||xx |||||||||||||| ||und||
017 _a2011/23897
020 _a978-977-328-546-4
040 _aJO-AjNU
_bara
_erda
_cJO-AjNU
041 _aara
050 1 4 _aJX1954.2013
100 3 _a خليفة، عبد الكريم عوض ,
_eauthor
_944299
245 0 0 _aقانون المنظمات الدولية
250 _a(د،ط)
264 3 1 _aالاسكندرية : دار الجامعة الجديدة ، 2013
300 _a223ص
336 _atext
_btxt
_2rdacontent
337 _aunmediated
_bn
_2rdamedia
338 _avolume
_bnc
_2rdacarrier
650 4 _aمنظمات دولية -- قانون دولي
_944300
999 _aA19116
_c22684
_d22684